000 01270cam a2200229 4500
001 ABS66701
008 030514n2003 000 0 eng u
035 _a(Sirsi) u122269
100 _aOsbourne, H.
245 _aTake stock of your green credentials
260 _c2003
490 _aEstates Gazette
_v(0319) 10 May 2003, 106-107(2)
520 _aDiscusses the push towards Corporate Social ResponsibiIity (CSR) by government and the stock market. FTSE4Good advisory committee has recently tightened environmental criteria resulting in seven companies being delisted while government's "Modernising company law" White Paper will also increase the environmental burden on companies. Some property firms will have to produce information on contaminated land issues and the UK's biggest companies will be required to produce annual reviews of their energy, water and fuel consumption. Highlights the duties of CSR managers and briefly looks at Land Securities' green credentials.
590 _aABS
650 _aCORPORATE SOCIAL RESPONSIBILITY
650 _aENVIRONMENTAL PERFORMANCE
650 _aENVIRONMENTAL IMPACT
650 _aCOMPANY LAW
650 _aFTSE INDEX
690 _aENVIRONMENTAL AND LAND CONSULTANCY-ENVIRONMENTAL MANAGEMENT
942 _n0
999 _c72668
_d72668